000 00615nam a2200193 a 4500
999 _c17865
_d17865
003 PILC
005 20180503095646.0
008 080728s2006 xx 00 eng d
010 _aAcc#38972
020 _a9789715425117
040 _cPhilippine Baptist Theological Seminary
050 _aFil PL 6171.4
_bD159 2006
100 1 0 _aDalisay, Jose Y. Jr
245 1 0 _aThe knowing is in the writing :
_bnotes on the practice of fiction /
_cJose Y. Dalisay Jr.
260 0 _aQuezon City, Phils. :
_bThe UP Press,
_cc2006.
300 _avii, 173 p. ; 23 cm.
650 4 _aPHILIPPINE FICTION (ENGLISH)
942 _cCB
_2ddc